LEADER 01374nam0-2200433---450- 001 990001082510203316 005 20020618114259.0 010 $a88-7031-491-X 035 $a000108251 035 $aUSA01000108251 035 $a(ALEPH)000108251USA01 035 $a000108251 100 $a20020528d2001----km|y0itay0103----ba 101 1 $aita 102 $aIT 105 $a||||f|||001yy 200 1 $aTrattato di medicina naturale$fa cura di Joseph E. Pizzorno jr e Michael T. Murray 210 $aNovara$cRED Edizioni$d2001 215 $a2 v. ([15] 1614 p.)$d29 cm 225 2 $aStudio$iMedicina$v82 410 0$12001$aStudio$iMedicina$v82 500 11$aTextbook of Natural Medicine$m$960307 606 1 $aMedicina naturalistica 676 $a615.535 702 1$aPIZZORNO,$bJoseph E.,jr. 702 1$aMURRAY,$bMichael T. 801 0$aIT$bsalbc$gISBD 912 $a990001082510203316 951 $a615.535 TEX 1$b3056 Farm.$c615$d00082331 951 $a615.535 TEX 2$b3053 Farm.$c615$d00082326 959 $aBK 969 $aFAR 979 $aSTELLA$b10$c20020528$lUSA01$h1644 979 $aJOHNNY$b90$c20020617$lUSA01$h1806 979 $aJOHNNY$b90$c20020617$lUSA01$h1808 979 $aJOHNNY$b90$c20020618$lUSA01$h1142 979 $aPATRY$b90$c20040406$lUSA01$h1715 996 $aTextbook of Natural Medicine$960307 997 $aUNISA LEADER 03841nam 22006255 450 001 9911009336203321 005 20250604125747.0 010 $a3-031-90194-0 024 7 $a10.1007/978-3-031-90194-2 035 $a(CKB)39197027800041 035 $a(MiAaPQ)EBC32148201 035 $a(Au-PeEL)EBL32148201 035 $a(DE-He213)978-3-031-90194-2 035 $a(OCoLC)1524423504 035 $a(EXLCZ)9939197027800041 100 $a20250604d2025 u| 0 101 0 $aeng 135 $aur||||||||||| 181 $ctxt$2rdacontent 182 $cc$2rdamedia 183 $acr$2rdacarrier 200 10$a10th International Conference on the Development of Biomedical Engineering in Vietnam $eProceedings of BME 10, July 25-27, 2024, Phan Thiet, Vietnam: Healthcare Evolution Towards 5P Medicine in Low- and Middle-Income Countries Ecosystem - Volume 1: Medical Devices, Biomedical Data Science and Models, and Entrepreneurship and Management in Healthcare /$fedited by Van Toi Vo, Thi-Hiep Nguyen, Binh Long Vong, Thi Thu Hien Pham, Ngoc Hoan Doan 205 $a1st ed. 2025. 210 1$aCham :$cSpringer Nature Switzerland :$cImprint: Springer,$d2025. 215 $a1 online resource (1683 pages) 225 1 $aIFMBE Proceedings,$x1433-9277 ;$v122 311 08$a3-031-90193-2 327 $aImaging Alzheimer's Disease Beyond Amyloid Plaques -- Detection of ECG Noise Using Optimized Pan-Tompkins Algorithm Combined with Squeeze-UNet -- Lightweight 2D Squeeze-U-Net Model for Real-Time Noise Detection on Wearable ECG Device -- Thinking-Computer Control System (TCCS) for Remotely Controlling Electronic Devices by Brainwaves An Assistive BCI system for People with Motor-impaired Disabilities. 330 $aThis book presents cutting-edge research and developments in the field of biomedical engineering, with a special emphasis on results achieved in Vietnam and neighboring low- and middle-income countries. Gathering the first volume of the proceedings of the 10th International Conference on The Development of Biomedical Engineering in Vietnam, BME 10, held on July 25-27, 2024, in Phan Thiet, Vietnam, reports on the design, fabrication, and application of low-cost and portable medical devices, biosensors, and microfluidic devices, on improved methods for biological data acquisition and analysis, including applications of artificial intelligence. It also discusses strategies to address some relevant issues in biomedical education and entrepreneurship. A special emphasis is given to advances promoting Healthcare Evolution towards 5P Medicine in Low- and Middle-Income Countries Ecosystem. All in all, this book offers important answers to current challenges in the field and a source of inspiration for scientists, engineers, and researchers with various backgrounds working in different research institutes, companies, and countries. 410 0$aIFMBE Proceedings,$x1433-9277 ;$v122 606 $aBiomedical engineering 606 $aBiophysics 606 $aMedical informatics 606 $aBiomedical Devices and Instrumentation 606 $aBiophysics 606 $aHealth Informatics 615 0$aBiomedical engineering. 615 0$aBiophysics. 615 0$aMedical informatics. 615 14$aBiomedical Devices and Instrumentation. 615 24$aBiophysics. 615 24$aHealth Informatics. 676 $a610.28 700 $aVo$b Van Toi$01437960 701 $aNguye??n$b Thi? Hie??p$00 701 $aLong$b Vong Binh$01777299 701 $aPham$b Thi Thu Hien$01827836 701 $aDoan$b Ngoc Hoan$01827837 801 0$bMiAaPQ 801 1$bMiAaPQ 801 2$bMiAaPQ 906 $aBOOK 912 $a9911009336203321 996 $a10th International Conference on the Development of Biomedical Engineering in Vietnam$94528531 997 $aUNINA